| 000 | 00623nam a2200205 a 4500 | ||
|---|---|---|---|
| 005 | 20240228063827.0 | ||
| 008 | 991125s1997 mx 000 0 spa u | ||
| 020 | _a9681642317 | ||
| 035 | _aUPN01000019659 | ||
| 049 | _aI | ||
| 050 | 4 |
_aPZ7 _bC33 |
|
| 100 | 1 |
_aCarballido, Emilio, _d1925-2008 |
|
| 245 | 1 | 3 |
_aUn enorme animal nube / _cEmilio Carballido ; il. José Antonio Hernández Amezcua. |
| 260 |
_aMéxico : _bFCE, _c1997. |
||
| 300 |
_a29 p. : _bil. col. |
||
| 440 | 0 | _aA la orilla del viento | |
| 650 | 4 |
_aCuentos infantiles mexicanos _97723 |
|
| 650 | 4 |
_aLibros y lectura para niños _92290 |
|
| 905 | _aInfantil | ||
| 999 |
_c19659 _d19659 |
||